BGMEA University of Fashion and Technology
University Library

Nineteen eighty-four / (Record no. 2827)

MARC details
000 -LEADER
fixed length control field 00498nam a22001937a 4500
001 - CONTROL NUMBER
control field 2827
003 - CONTROL NUMBER IDENTIFIER
control field BD-DhBUF
005 - DATE AND TIME OF LATEST TRANSACTION
control field 20251124162736.0
008 - FIXED-LENGTH DATA ELEMENTS--GENERAL INFORMATION
fixed length control field 251124b bg ||||| |||| 00| 0 ben d
020 ## - INTERNATIONAL STANDARD BOOK NUMBER
International Standard Book Number 9780241969694
040 ## - CATALOGING SOURCE
Original cataloging agency BD-DhBUF
Transcribing agency BD-DhBUF
100 ## - MAIN ENTRY--PERSONAL NAME
Personal name Orwell, George
9 (RLIN) 4208
245 ## - TITLE STATEMENT
Title Nineteen eighty-four /
Statement of responsibility, etc. Orwell, George
260 ## - PUBLICATION, DISTRIBUTION, ETC.
Place of publication, distribution, etc. New Zealand :
Name of publisher, distributor, etc. Penguin Books,
Date of publication, distribution, etc. 18cm . ;
300 ## - PHYSICAL DESCRIPTION
Extent vii, 325p. :
Dimensions 18cm . ;
526 ## - STUDY PROGRAM INFORMATION NOTE
Program name English
650 ## - SUBJECT ADDED ENTRY--TOPICAL TERM
Topical term or geographic name entry element English
942 ## - ADDED ENTRY ELEMENTS (KOHA)
Source of classification or shelving scheme Dewey Decimal Classification
Koha item type Books
Holdings
Withdrawn status Lost status Source of classification or shelving scheme Damaged status Not for loan Home library Current library Date acquired Total Checkouts Full call number Barcode Date last seen Copy number Price effective from Koha item type
    Dewey Decimal Classification     BUFT Library BUFT Library 11/24/2025   823.918 G346n 2025-0394 11/24/2025 C-1 11/24/2025 Books
Copyright © 2019-2023 | BUFT Library
BGMEA University of Fashion and Technology
Library Home | University Home
| Maintained by Library Team